Loading...
| Literature - American | 0 | 6 | 0 | 0 | 60 | 72 | 113.33 | 3 | 6 | 0.00 | 0.00 |
| Literature - World | 0 | 5 | 0 | 1 | 50 | 106 | 129.80 | 3 | 5 | 0.00 | 0.00 |
| Social Science | 0 | 3 | 0 | 1 | 30 | 83 | 98.00 | 2 | 3 | 0.00 | 0.00 |
| Fine Arts - Classical Music | 0 | 3 | 0 | 0 | 30 | 98 | 114.00 | 0 | 3 | 0.00 | 0.00 |
| Religion | 0 | 3 | 0 | 1 | 30 | 67 | 110.67 | 2 | 3 | 0.00 | 0.00 |
| Literature - European | 0 | 3 | 1 | 0 | 25 | 124 | 136.67 | 0 | 3 | 0.00 | 0.00 |
| Science - Physics | 0 | 2 | 0 | 1 | 20 | 118 | 123.50 | 0 | 2 | 0.00 | 0.00 |
| Mythology | 0 | 2 | 0 | 0 | 20 | 140 | 142.50 | 0 | 2 | 0.00 | 0.00 |
| Fine Arts - Painting and Sculpture | 0 | 2 | 0 | 0 | 20 | 134 | 138.00 | 0 | 2 | 0.00 | 0.00 |
| History - American | 0 | 2 | 1 | 0 | 15 | 109 | 111.50 | 0 | 2 | 0.00 | 0.00 |
| Literature - British | 0 | 2 | 1 | 1 | 15 | 141 | 143.00 | 0 | 2 | 0.00 | 0.00 |
| Philosophy | 0 | 2 | 1 | 1 | 15 | 122 | 126.50 | 0 | 2 | 0.00 | 0.00 |
| Science - Biology | 0 | 1 | 0 | 0 | 10 | 129 | 129.00 | 0 | 1 | 0.00 | 0.00 |
| Pop Culture | 0 | 1 | 0 | 0 | 10 | 128 | 128.00 | 1 | 1 | 0.00 | 0.00 |
| Current Events | 0 | 1 | 0 | 0 | 10 | 100 | 100.00 | 0 | 1 | 0.00 | 0.00 |
| History - World | 0 | 1 | 0 | 0 | 10 | 113 | 113.00 | 0 | 1 | 0.00 | 0.00 |
| Other Academic | 0 | 1 | 0 | 0 | 10 | 108 | 108.00 | 0 | 1 | 0.00 | 0.00 |
| Fine Arts - Other | 0 | 1 | 2 | 0 | 0 | 131 | 131.00 | 0 | 1 | 0.00 | 0.00 |
| Science - Chemistry | 0 | 0 | 0 | 0 | 0 | 0.00 | 0 | 0 | 0.00 | 0.00 |